最大的相邻地级行政区序列-辽宁 Largest-Bordering-Prefecture Sequence in Liaoning - Statistics

General Stats
  • This quiz has been taken 27 times
  • The average score is 13 of 14
Answers on the Map
Answers color-coded by a green-red scale on the quiz's map according to % correct below.
 
Answer Stats
行政区 % Correct
朝阳市
100%
葫芦岛市
100%
锦州市
96%
沈阳市
96%
铁岭市
96%
抚顺市
96%
本溪市
96%
丹东市
96%
大连市
96%
鞍山市
96%
营口市
92%
盘锦市
92%
辽阳市
92%
阜新市
92%
No matching quizzes found
Score Distribution
Percent of People with Each Score
Percentile by Number Answered
Your Score History
You have not taken this quiz